Statistiques concernant Villes et villages de Haute-Alsace (avec carte !)

Cliquez ici pour prendre le quiz!

Statistiques générales

  • Ce quiz a été pris 290 fois
  • Le résultat moyen est 59 sur 490

Réponses sur la Carte

Les réponses sont colorées sur une échelle allant du rouge au vert en fonction du pourcentage des utilisateurs qui les ont devinées à leur premier essai. Vous pouvez retrouver ces pourcentages ci-dessous.
 

Statistiques - réponses

Village% Correct
Colmar
94%
Mulhausen
90%
Saint-Louis
68%
Altkirch
62%
Thann
62%
Cernay
56%
Guebwiller
50%
Wittenheim
50%
Ribeauvillé
47%
Rixheim
46%
Munster
45%
Kingersheim
42%
Soultz
42%
Illzach
41%
Kaysersberg
39%
Ferrette
36%
Lutter
36%
Wittelsheim
36%
Neuf-Brisach
35%
Rouffach
35%
Fessenheim
34%
Kembs
34%
Riedisheim
34%
Sierentz
33%
Dannemarie
32%
Brunstatt
31%
Eguisheim
31%
Huningen
31%
Pfastatt
31%
Riquewihr
30%
Habsheim
29%
Lutterbach
29%
Sainte-Marie-aux-Mines
29%
Turckheim
29%
Ensisheim
28%
Sausheim
28%
Aspach
27%
Hirsingen
27%
Bartenheim
26%
Blotzheim
26%
Houssen
26%
Ottmarsheim
26%
Wattwiller
26%
Wintzenheim
26%
Andolsheim
25%
Husseren
25%
Illfurth
25%
Masevaux
25%
Moos
25%
Niedermorschwiller
25%
Elbach
24%
Labaroche
24%
Neudorf
24%
Zillisheim
24%
Carspach
23%
Fréland
23%
Horbourg
23%
Niederburnhaupt
23%
Oberburnhaupt
23%
Orbey
23%
Soultzmatt
23%
Bergheim
22%
Didenheim
22%
Hesingen
22%
Kruth
22%
Lapoutroie
22%
Vieux-Thann
22%
Bollwiller
20%
Landser
20%
Ostheim
20%
Sainte-Croix-en-Plaine
20%
Seppois-le-Bas
20%
Ammerschwihr
19%
Buhl
19%
Chalampé
19%
Guémar
19%
Herrlisheim
19%
Ingersheim
19%
Le Bonhomme
19%
Metzeral
19%
Niederaspach
19%
Petit-Landau
19%
Reiningen
19%
Seppois-le-Haut
19%
Sundhoffen
19%
Tagolsheim
19%
Vieux-Ferrette
19%
Waldighoffen
19%
Willer
19%
Belfort
18%
Bruebach
18%
Hegenheim
18%
Hochstatt
18%
Issenheim
18%
Lauw
18%
Michelbach
18%
Oltingen
18%
Pfaffenheim
18%
Pulversheim
18%
Richwiller
18%
Roderen
18%
Saint-Hippolyte
18%
Wettolsheim
18%
Berrwiller
17%
Hombourg
17%
Jebsheim
17%
Leymen
17%
Muntzenheim
17%
Niffer
17%
Oberaspach
17%
Ranspach
17%
Rosenau
17%
Bantzenheim
16%
Meyenheim
16%
Sainte-Croix-aux-Mines
16%
Baldersheim
15%
Bennwihr
15%
Dietwiller
15%
Fellering
15%
Hunawihr
15%
Kiffis
15%
Oberhagenthal
15%
Obermuespach
15%
Saint-Amarin
15%
Staffelfelden
15%
Stosswihr
15%
Ungersheim
15%
Attenschwiller
14%
Beblenheim
14%
Bernwiller
14%
Biesheim
14%
Bitschwiller
14%
Gueberschwihr
14%
Guewenheim
14%
Kientzheim
14%
Lièpvre
14%
Linthal
14%
Niederhagenthal
14%
Niederhergheim
14%
Niederspechbach
14%
Niedersteinbrunn
14%
Oberhergheim
14%
Obersteinbrunn
14%
Soultzeren
14%
Tagsdorf
14%
Walheim
14%
Wihr-au-Val
14%
Battenheim
13%
Bergholtz
13%
Bouxwiller
13%
Fislis
13%
Folgensbourg
13%
Galfingen
13%
Hartmannswiller
13%
Hirtzbach
13%
Illhaeusern
13%
Jettingen
13%
Katzenthal
13%
Lautenbach
13%
Merxheim
13%
Mittelwihr
13%
Moosch
13%
Niedermuespach
13%
Sigolsheim
13%
Uffholtz
13%
Zimmersheim
13%
Aubure
12%
Balschwiller
12%
Blodelsheim
12%
Bourg
12%
Delle
12%
Dessenheim
12%
Dornach
12%
Durmenach
12%
Eschentzwiller
12%
Fortschwihr
12%
Frœningen
12%
Gunsbach
12%
Holtzwihr
12%
Kappelen
12%
Knoeringen
12%
Koetzingen
12%
Lucelle
12%
Moernach
12%
Munchhausen
12%
Niedermorschwihr
12%
Obermichelbach
12%
Oberranspach
12%
Oberspechbach
12%
Oderen
12%
Pfetterhausen
12%
Reguisheim
12%
Ruelisheim
12%
Schlierbach
12%
Schweighausen
12%
Steinsoultz
12%
Thannenkirch
12%
Valdieu
12%
Walbach
12%
Winkel
12%
Bischwihr
11%
Bourgfelden
11%
Courtavon
11%
Feldbach
11%
Grussenheim
11%
Heimsbrunn
11%
Levoncourt
11%
Linsdorf
11%
Niederranspach
11%
Riespach
11%
Uffheim
11%
Urbès
11%
Volgelsheim
11%
Algolsheim
10%
Artzenheim
10%
Balgau
10%
Bendorf
10%
Bisel
10%
Bréchaumont
10%
Brinckheim
10%
Buschwiller
10%
Durlinsdorf
10%
Feldkirch
10%
Flaxlanden
10%
Friesen
10%
Helfrantzkirch
10%
Hirtzfelden
10%
Kunheim
10%
Liebenswiller
10%
Ligsdorf
10%
Luttenbach
10%
Muhlbach
10%
Neuwiller
10%
Niedermagstatt
10%
Niedertraubach
10%
Obermagstatt
10%
Obermorschwiller
10%
Obertraubach
10%
Orschwihr
10%
Raedersheim
10%
Rantzwiller
10%
Sentheim
10%
Sondernach
10%
Soppe-le-Bas
10%
Soppe-le-Haut
10%
Zellenberg
10%
Bettlach
9%
Emlingen
9%
Franken
9%
Grentzingen
9%
Hattstatt
9%
Heidwiller
9%
Koestlach
9%
L'Allemand-Rombach
9%
Liebsdorf
9%
Manspach
9%
Montreux-Vieux
9%
Niederentzen
9%
Obermorschwihr
9%
Riedwihr
9%
Roppe
9%
Rorschwihr
9%
Ruestenhart
9%
Rumersheim
9%
Sewen
9%
Steinbach
9%
Vogelgrun
9%
Wentzwiller
9%
Werentzhausen
9%
Westhalten
9%
Wickerschwihr
9%
Widensohlen
9%
Wittersdorf
9%
Wolschwiller
9%
Zimmerbach
9%
Appenwihr
8%
Ballersdorf
8%
Baltzenheim
8%
Biederthal
8%
Châtenois
8%
Durrenentzen
8%
Eglingen
8%
Geispitzen
8%
Gundolsheim
8%
Hagenbach
8%
Heiteren
8%
Hindlingen
8%
Hundsbach
8%
Largitzen
8%
Lautenbach-Zell
8%
Logelheim
8%
Montreux-Jeune
8%
Munwiller
8%
Nambsheim
8%
Oberdorf
8%
Oberentzen
8%
Oberlarg
8%
Osenbach
8%
Raedersdorf
8%
Retzwiller
8%
Roppentzwiller
8%
Sondersdorf
8%
Soultzbach
8%
Strueth
8%
Wasserbourg
8%
Wildenstein
8%
Zaessingen
8%
Altenach
7%
Berentzwiller
7%
Bettendorf
7%
Biltzheim
7%
Breitenbach
7%
Dolleren
7%
Eschbach
7%
Fulleren
7%
Geiswasser
7%
Gommersdorf
7%
Griesbach
7%
Hohrod
7%
Leimbach
7%
Luemschwiller
7%
Murbach
7%
Niederbourbach
7%
Oberbourbach
7%
Obersaasheim
7%
Rimbach
7%
Ruederbach
7%
Saint-Ulrich
7%
Schwoben
7%
Stetten
7%
Voegtlinshoffen
7%
Wahlbach
7%
Waltenheim
7%
Wolfgantzen
7%
Wuenheim
7%
Ammertzwiller
6%
Bergholtz-Zell
6%
Bretten
6%
Diefmatten
6%
Geishausen
6%
Goldbach
6%
Hausgauen
6%
Hettenschlag
6%
Mertzen
6%
Mollau
6%
Niederbruck
6%
Oberbruck
6%
Roggenhausen
6%
Storckensohn
6%
Urschenheim
6%
Weckolsheim
6%
Wolfersdorf
6%
Altenbach
5%
Eteimbes
5%
Falkwiller
5%
Fontaine
5%
Hecken
5%
Heimersdorf
5%
Heiwiller
5%
Malmerspach
5%
Rougemont
5%
Ueberstrass
5%
Bellemagny
4%
Bretagne
4%
Florimont
4%
Gildwiller
4%
Husseren-Wesserling
4%
Kirchberg
4%
Lutran
4%
Magny
4%
Mitzach
4%
Rimbach-Zell
4%
Romagny
4%
Saint-Cosme
4%
Valdoie
4%
Angeot
3%
Beaucourt
3%
Bessoncourt
3%
Buethwiller
3%
Chavanatte
3%
Chavannes-les-Petits
3%
Danjoutin
3%
Fesche-l'Église
3%
Frais
3%
Froide-Fontaine
3%
Giromagny
3%
Grandvillars
3%
Guewenatten
3%
Henflingen
3%
Joncherey
3%
Lepuix-Delle
3%
Lepuix-Gy
3%
Montreux-Château
3%
Moval
3%
Niedermichelbach
3%
Rammersmatt
3%
Réchésy
3%
Saint-Dizier
3%
Sickert
3%
Sternenberg
3%
Suarce
3%
Thiancourt
3%
Wegscheid
3%
Andelnans
2%
Anjoutey
2%
Argiésans
2%
Auxelles-Bas
2%
Auxelles-Haut
2%
Banvillars
2%
Bavilliers
2%
Bermont
2%
Bethonvilliers
2%
Boron
2%
Botans
2%
Bourogne
2%
Brebotte
2%
Buc
2%
Charmois
2%
Chaux
2%
Chavannes-les-Grands
2%
Chèvremont
2%
Courcelles
2%
Courtelevant
2%
Cravanche
2%
Croix
2%
Cunelières
2%
Denney
2%
Dorans
2%
Éloie
2%
Évette
2%
Faverois
2%
Felon
2%
Fontenelle
2%
Foussemagne
2%
Grosmagny
2%
Grosne
2%
Lachapelle-sous-Chaux
2%
Lachapelle-sous-Rougemont
2%
Lacollonge
2%
La Madeleine
2%
Larivière
2%
Lebetain
2%
Leval
2%
Menoncourt
2%
Meroux
2%
Méziré
2%
Montbouton
2%
Mortzwiller
2%
Morvillars
2%
Niederlarg
2%
Novillard
2%
Offemont
2%
Pérouse
2%
Petit-Croix
2%
Petite-Fontaine
2%
Petitmagny
2%
Phaffans
2%
Recouvrance
2%
Reppe
2%
Riervescemont
2%
Rougegoutte
2%
Salbert
2%
Sermamagny
2%
Sevenans
2%
Urcerey
2%
Vellescot
2%
Vescemont
2%
Vétrigne
2%
Vézelois
2%
Villars-le-Sec
2%
Wihr-en-Plaine
2%
Brinighoffen
1%
Eguenigue
1%
Enschingen
1%
Eschêne-Autrage
1%
Essert
1%
Étueffont-Bas
1%
Étueffont-Haut
1%
Lagrange
1%
Mittelmuespach
1%
Rechotte
1%
Saint-Germain
1%
Trétudans
1%
Ueberkumen
1%
Vauthiermont
1%
Vourvenans
1%

Distribution des résultats

Percentile par nombre de réponses

% des personnes avec chaque résultat

Votre développement - résultats

Vous n’avez pas pris ce quiz